| 000 | 00825nam a2200253 a 4500 | ||
|---|---|---|---|
| 001 | 000047970 | ||
| 005 | 20201002060833.0 | ||
| 008 | 100203s2005 dr a 001 0 spa d | ||
| 020 | _a999340201X | ||
| 040 |
_aDO-SdBNP _bspa _cBNPHU |
||
| 082 |
_a460.7 _bM385l, 2005 |
||
| 100 | 1 |
_aMartínez Montero, Juan _912225 |
|
| 245 | 1 | 0 |
_aLenguaje, ortografía y técnicas de redacción / _cJuan Martínez Montero. |
| 246 | 1 | 4 | _aHable correctamente, escriba sin incertidumbre |
| 250 | _a3a. ed. | ||
| 260 |
_aSanto Domingo : _bNeuquen, _c2005. |
||
| 300 |
_a192 p. ; _c23 cm. |
||
| 504 | _aBibliografía : p. 139-141 | ||
| 590 | _aInventariado, 2019/VM | ||
| 650 | 4 |
_aEspañol _xEstudio y enseñanza _9521 |
|
| 650 | 4 |
_aEspañol _xGramática _93475 |
|
| 650 | 4 |
_aEspañol _xOrtografía _91453 |
|
| 650 | 4 |
_aLenguaje y lenguas _9407 |
|
| 999 |
_c47458 _d47458 |
||